• 首页
  • 本馆介绍
  • 公告通知
  • 最新文献
  • 馆藏检索
  • 电子资源
  • 读者导购
  • 参考咨询
  • 我的图书馆
  • 登录
  • 详细信息显示
  • 放入我的书架
  • 预约/预借图书
  • 作者相关作品
  • 分类相关作品
  • 丛书相关作品
  • 出版社相关作品

书目信息

  • 表格格式
  • 工作单格式
  • 卡片格式
题名:
蓝色的能源
    
 
作者: 吴松柏 , 汪家君 著
分册:  
出版信息: 北京   地质出版社  1984
页数: 139页
开本: 19cm
丛书名: 趣味地球科学丛书
单 册:
中图分类: P743-49
科图分类:
主题词: 海洋动力资源--普及读物
电子资源:
ISBN:
000 00758nam2 2200277 45
001 0184009766
005 20040524180113.9
010    @dCNY0.70
091    @a13083.新42
100    @a19950602d1984 em y0chiy0121 ea
101 0  @achi
102    @aCN@b110000
105    @ay z 000yy
106    @ar
200 10 @a蓝色的能源@Alan se de neng yuan@f吴松柏,汪家君著
210    @a北京@c地质出版社@d1984
215    @a139页@d19cm
225 2  @a趣味地球科学丛书
410  0 @120010@a趣味地球科学丛书
606    @a海洋动力资源@x普及读物
690    @aP743-49@v3
701  0 @a吴松柏@Awu song bo@4著
701  0 @a汪家君@Awang jia jun@4著
801  0 @aCN@b上海图书馆@c20040524
801  2 @aCN@bNLC@c20040524
905    @f1@b125452@dP743-49@e14@f3@b125453-455
    
    蓝色的能源/吴松柏,汪家君著.-北京:地质出版社,1984
    139页;19cm.-(趣味地球科学丛书)
    
    
    ISBN :CNY0.70
    
●
相关链接 在E读中查询图书 在五车中查询图书 在当当中查询图书 在豆瓣中查询图书


正题名:蓝色的能源     索取号:P743-49/14         预约/预借

序号 登录号 条形码 馆藏地/架位号 状态 备注
1 0125452   000624756   密集书库/ [索取号:P743-49/14] 在馆    
2 0125453   000624738   密集书库/ [索取号:P743-49/14] 在馆    
3 0125454   000624729   第三借阅区/ [索取号:P743-49/14] 在馆    
4 0125455   000624747   密集书库/ [索取号:P743-49/14] 在馆    
5 0125456   202122407   第二样本阅览室/ [索取号:P743-49/14] 在馆    
唐山师范学院图书馆 欢迎您!
大连网信软件有限公司© 版权所有